000 00792nam a2200229 a 4500
001 54971
003 BD-RjUL
005 20211209080209.0
008 161113s1953 ii ||||| |||| 00| 0 ben d
035 _a(BD-RjUL)55093
040 _aBD-RjUL
_bben
_cBD-RjUL
041 _aben
082 _223
_a891.443
_bROD 1953
100 _aরায়, অন্নদাশঙ্কর
_9118492
245 _aদুঃখমোচন /
_cঅন্নদাশঙ্কর রায়
250 _a৩য় সং,
260 _aকলিকাতা :
_bডি, এম, লাইব্রেরী,
_c১৯৫৩.
300 _aআট, ৩১২ পৃ.
_c১৯ সেমি.
650 _aবাংলা উপন্যাস
_9163928
650 _aBengali Fiction
_9163929
942 _2ddc
_cBK
999 _c54971
_d54971